000 00568nam a22001937a 4500
999 _c14087
_d14087
003 AR-CdUCM
008 190422b ||||| |||| 00| 0 spa d
020 _a978-956-316-207-3
040 _aMUNICIPALIDAD PROVINCIAL DEL CUSCO
_cBIBLIOTECA MUNICIPAL DEL CUSCO
082 _aPI / 803.08 /
_bV77
110 _aViva leer
_932755
245 _aEl patito feo :
_bsu primera fiesta /
260 _bCopec,
_c2017.
300 _bIlustraciones,
_c20 cm.
440 _aOrigo ;
_932756
650 _aCuentos infantiles
_93927
942 _2ddc
_cLIBROS
945 _aacv
_d2019-04-22